| Tag |
First Indicator |
Second Indicator |
Subfields |
| LEADER |
00000nam a2200000Ia 4500 |
| 001 |
in00004184413 |
| 005 |
20200807085341.0 |
| 006 |
m g d |
| 007 |
cr bn |||a|bb| |
| 008 |
140508s1575 enk o 000 0 eng d |
| 040 |
|
|
|a UMI
|e dcrmb
|c UMI
|
| 035 |
|
|
|a (OCoLC)879380337
|
| 037 |
|
|
|a CL0036000091
|b ProQuest, 789 E. Eisenhower Parkway, Ann Arbor, MI 48108-3218
|
| 090 |
|
|
|a BX5145
|b .A4 1575
|
| 049 |
|
|
|a UMIA
|
| 110 |
2 |
|
|a Church of England.
|
| 245 |
1 |
4 |
|a The fourme and maner of makyng and consecratyng bishopps, priestes, and deacons. Anno Domini 1559..
|
| 260 |
|
|
|a Printed at London :
|b By richard Iugge, printer to the Queenes Maiestie.,
|c [1575?]
|
| 300 |
|
|
|a 1 online resource ([28] pages)
|
| 336 |
|
|
|a text
|b txt
|2 rdacontent
|
| 337 |
|
|
|a computer
|b c
|2 rdamedia
|
| 338 |
|
|
|a online resource
|b cr
|2 rdacarrier
|
| 500 |
|
|
|a Date of publication suggested by STC (2nd edition).
|
| 500 |
|
|
|a "Cum priuilegio" at bottom of t.p.
|
| 500 |
|
|
|a Title within ornamental border (McK. and Ferg. 68), initials.
|
| 500 |
|
|
|a Signatures: A⁸ B⁶.
|
| 500 |
|
|
|a Reproduction of original in: John Rylands University Library of Manchester.
|
| 510 |
4 |
|
|a STC (2nd edition),
|c 16466
|
| 510 |
4 |
|
|a ESTC
|c S125752
|
| 533 |
|
|
|a Electronic reproduction.
|b Ann Arbor, Mich. :
|c UMI,
|d 1999-
|f (Early English books online)
|n Digital version of: (Early English books, 1475-1640 ; 2423:3)
|7 s1999 miun s
|
| 610 |
2 |
0 |
|a Catholic Church
|x Liturgy
|v Texts
|v Early works to 1800.
|
| 610 |
2 |
0 |
|a Church of England
|x Clergy
|x Training of
|v Early works to 1800.
|
| 655 |
|
7 |
|a Printing privileges (Printing)
|z England
|y 16th century.
|2 rbpri
|
| 752 |
|
|
|a Great Britain
|b England
|d London.
|
| 830 |
|
0 |
|a Early English books online.
|
| 856 |
4 |
0 |
|u http://proxy.library.tamu.edu/login?url=https://search.proquest.com/docview/2248515940
|z Connect to the full text of this electronic book
|t 0
|
| 994 |
|
|
|a 01
|b UMI
|
| 999 |
f |
f |
|s 1c1a6540-45e2-3661-812a-408648cdd4ae
|i 5647b37b-9386-33c6-9b46-490261aaa452
|t 0
|
| 952 |
f |
f |
|a Texas A&M University
|b College Station
|c Electronic Resources
|d Available Online
|t 0
|e BX5145 .A4 1575
|h Library of Congress classification
|
| 998 |
f |
f |
|a BX5145 .A4 1575
|t 0
|l Available Online
|